000 00331nam a22001337a 4500
008 260323b |||||||| |||| 00| 0 eng d
020 _a9789389354089
040 _a02
100 _aBADWAIK,HEMANAT R.
245 _aINTRODUCTION TO PHARMACEUTICAL ANALYSIS
260 _aHYDERABAD
_bPHARMA MED
_c2025
300 _a279
942 _c01
999 _c67435
_d67435